[Event "DVM U10 2023"]
[Site "Magdeburg GER"]
[Date "2023.12.28"]
[Round "3"]
[White "Stösel, Roman"]
[Black "Rose, Elias Bernd"]
[Result "0-1"]
[Termination "normal"]
[Board "15.3"]
[WhiteElo "787"]
[BlackElo "1150"]
[WhiteClock "00:30:00"]
[BlackClock "00:49:52"]
[WhiteTeam "SC Ramstein-Miesenbach"]
[BlackTeam "SG Leipzig"]
[PlyCount "69"]
[BlackFideId "34665730"]
[EventCountry "GER"]
[EventRounds "7"]
[EventType "team-swiss"]
[EventDate "2023.12.27"]

1. e4 {[%clk 00:55:09]} e6 {[%clk 00:54:37]} {[%emt 00:00:30]} 2. Nf3 {[%clk
00:55:05]} {[%emt 00:00:12]} d5 {[%clk 00:54:31]} {[%emt 00:00:12]} 3. exd5
{[%clk 00:54:47]} {[%emt 00:00:22]} exd5 {[%clk 00:54:28]} {[%emt 00:00:08]} 4.
Qe2+ {[%clk 00:54:23]} {[%emt 00:01:31]} Be7 {[%clk 00:54:13]} {[%emt
00:00:16]} 5. Nc3 {[%clk 00:53:56]} {[%emt 00:00:32]} Nf6 {[%clk 00:54:07]}
{[%emt 00:00:10]} 6. d4 {[%clk 00:53:28]} {[%emt 00:00:34]} h6 {[%clk
00:53:54]} {[%emt 00:00:18]} 7. g3 {[%clk 00:52:14]} {[%emt 00:01:19]} Bg4
{[%clk 00:53:48]} {[%emt 00:00:10]} 8. Bg2 {[%clk 00:51:43]} {[%emt 00:00:38]}
O-O {[%clk 00:53:42]} {[%emt 00:00:11]} 9. O-O {[%clk 00:51:36]} {[%emt
00:00:11]} Nc6 {[%clk 00:53:30]} {[%emt 00:00:17]} 10. h3 {[%clk 00:51:11]}
{[%emt 00:00:30]} Nxd4 {[%clk 00:53:08]} {[%emt 00:00:27]} 11. Qd3 {[%clk
00:50:11]} {[%emt 00:01:04]} Nxf3+ {[%clk 00:52:58]} {[%emt 00:00:16]} 12. Bxf3
{[%clk 00:49:32]} {[%emt 00:00:44]} Bxf3 {[%clk 00:52:55]} {[%emt 00:00:08]}
13. Qxf3 {[%emt 00:00:20]} Qd7 {[%emt 00:00:38]} 14. Kh2 {[%clk 00:45:02]}
{[%emt 00:03:35]} Bd6 {[%clk 00:52:24]} {[%emt 00:00:38]} 15. Nxd5 {[%clk
00:43:45]} {[%emt 00:01:18]} Nxd5 {[%clk 00:52:23]} {[%emt 00:00:10]} 16. Qxd5
{[%clk 00:43:36]} {[%emt 00:00:14]} Bxg3+ {[%clk 00:52:20]} {[%emt 00:00:07]}
17. fxg3 {[%emt 00:01:08]} Qxd5 {[%emt 00:00:07]} 18. Bf4 {[%clk 00:41:09]}
{[%emt 00:01:17]} Rfe8 {[%clk 00:51:59]} {[%emt 00:00:26]} 19. Rae1 {[%clk
00:39:33]} {[%emt 00:01:40]} Qc4 {[%clk 00:51:12]} {[%emt 00:00:54]} 20. Rxe8+
{[%clk 00:37:39]} {[%emt 00:01:52]} Rxe8 {[%clk 00:51:14]} {[%emt 00:00:10]}
21. Rf2 {[%clk 00:36:10]} {[%emt 00:01:32]} Re2 {[%clk 00:50:55]} {[%emt
00:00:25]} 22. Kg2 {[%clk 00:35:47]} {[%emt 00:00:29]} Rxf2+ {[%clk 00:50:24]}
{[%emt 00:00:36]} 23. Kxf2 {[%clk 00:35:30]} {[%emt 00:00:22]} Qxc2+ {[%clk
00:50:21]} {[%emt 00:00:07]} 24. Kf3 {[%clk 00:35:24]} {[%emt 00:00:10]} Qxb2
{[%clk 00:50:19]} {[%emt 00:00:10]} 25. Bxc7 {[%clk 00:35:09]} {[%emt
00:00:20]} Qc3+ {[%clk 00:50:10]} {[%emt 00:00:13]} 26. Kf4 {[%clk 00:34:50]}
{[%emt 00:00:20]} Qxc7+ {[%clk 00:50:12]} {[%emt 00:00:07]} 27. Kf3 {[%clk
00:34:48]} {[%emt 00:00:07]} g5 {[%clk 00:50:11]} {[%emt 00:00:06]} 28. g4
{[%clk 00:33:05]} {[%emt 00:01:48]} f6 {[%clk 00:50:05]} {[%emt 00:00:11]} 29.
Kg2 {[%clk 00:32:13]} {[%emt 00:00:56]} Qf4 {[%clk 00:50:02]} {[%emt 00:00:08]}
30. Kg1 {[%emt 00:00:08]} Kf7 {[%emt 00:00:08]} 31. Kh1 {[%clk 00:31:23]}
{[%emt 00:00:39]} Ke6 {[%clk 00:50:01]} {[%emt 00:00:07]} 32. a4 {[%clk
00:30:19]} {[%emt 00:01:09]} Ke5 {[%clk 00:49:59]} {[%emt 00:00:06]} 33. Kg1
{[%clk 00:30:16]} {[%emt 00:00:08]} Ke4 {[%clk 00:49:57]} {[%emt 00:00:08]} 34.
Kh1 {[%clk 00:30:05]} {[%emt 00:00:14]} Kf3 {[%clk 00:49:52]} {[%emt 00:00:12]}
35. Kg1 {[%clk 00:30:00]} {[%emt 00:00:08]} 0-1

[Event "DVM U10 2023"]
[Site "Magdeburg GER"]
[Date "2023.12.28"]
[Round "3"]
[White "Rose, Malina Rita"]
[Black "Pascual, Noah"]
[Result "0-1"]
[Termination "normal"]
[Board "15.4"]
[WhiteElo "1084"]
[BlackElo "778"]
[WhiteClock "00:22:36"]
[BlackClock "00:41:12"]
[WhiteTeam "SG Leipzig"]
[BlackTeam "SC Ramstein-Miesenbach"]
[PlyCount "68"]
[WhiteFideId "34665749"]
[EventCountry "GER"]
[EventRounds "7"]
[EventType "team-swiss"]
[EventDate "2023.12.27"]

1. d4 {[%clk 00:55:08]} {[%emt 00:00:01]} e5 {[%clk 00:55:06]} {[%emt
00:00:05]} 2. dxe5 {[%clk 00:54:59]} {[%emt 00:00:15]} Nc6 {[%clk 00:55:09]}
{[%emt 00:00:02]} 3. Nf3 {[%clk 00:54:27]} {[%emt 00:00:36]} Qe7 {[%clk
00:55:05]} {[%emt 00:00:09]} 4. Bf4 {[%clk 00:53:24]} {[%emt 00:01:07]} Qb4+
{[%clk 00:55:03]} {[%emt 00:00:09]} 5. Bd2 {[%clk 00:52:49]} {[%emt 00:02:07]}
Qxb2 {[%clk 00:57:04]} {[%emt 00:00:02]} 6. Nc3 {[%clk 00:51:08]} {[%emt
00:01:46]} Bb4 {[%clk 00:56:26]} {[%emt 00:00:42]} 7. Rb1 {[%clk 00:50:35]}
{[%emt 00:00:37]} Qa3 {[%clk 00:56:27]} {[%emt 00:00:06]} 8. Rb3 {[%clk
00:49:54]} {[%emt 00:00:44]} Qa5 {[%clk 00:56:13]} {[%emt 00:00:17]} 9. Qb1
{[%clk 00:47:58]} {[%emt 00:02:04]} d6 {[%clk 00:54:49]} {[%emt 00:01:29]} 10.
exd6 {[%clk 00:46:45]} {[%emt 00:01:18]} cxd6 {[%clk 00:54:42]} {[%emt
00:00:12]} 11. e3 {[%clk 00:45:50]} {[%emt 00:01:00]} Be6 {[%clk 00:54:40]}
{[%emt 00:00:07]} 12. Rb2 {[%clk 00:42:30]} {[%emt 00:03:25]} Bxc3 {[%clk
00:54:37]} {[%emt 00:00:08]} 13. Bxc3 {[%clk 00:42:15]} {[%emt 00:00:20]} Qxc3+
{[%clk 00:54:38]} {[%emt 00:00:04]} 14. Nd2 {[%clk 00:42:00]} {[%emt 00:00:21]}
b6 {[%clk 00:52:47]} {[%emt 00:01:56]} 15. Bb5 {[%emt 00:00:41]} Nge7 {[%emt
00:00:04]} 16. Qc1 {[%clk 00:39:38]} {[%emt 00:01:41]} O-O {[%clk 00:52:16]}
{[%emt 00:00:36]} 17. O-O {[%clk 00:38:48]} {[%emt 00:00:55]} a6 {[%clk
00:50:33]} {[%emt 00:01:50]} 18. Bxc6 {[%clk 00:38:26]} {[%emt 00:00:26]} Qxc6
{[%clk 00:50:27]} {[%emt 00:00:11]} 19. Qb1 {[%clk 00:37:39]} {[%emt 00:00:52]}
b5 {[%clk 00:49:44]} {[%emt 00:00:47]} 20. Nf3 {[%clk 00:37:03]} {[%emt
00:00:41]} Bd5 {[%clk 00:49:12]} {[%emt 00:00:37]} 21. Nd4 {[%clk 00:35:16]}
{[%emt 00:01:52]} Qb7 {[%clk 00:48:46]} {[%emt 00:00:26]} 22. f3 {[%clk
00:34:56]} {[%emt 00:00:30]} Rac8 {[%clk 00:48:24]} {[%emt 00:00:24]} 23. e4
{[%clk 00:34:27]} {[%emt 00:00:38]} Qb6 {[%clk 00:48:07]} {[%emt 00:00:22]} 24.
Rd1 {[%clk 00:32:54]} {[%emt 00:01:37]} Bb7 {[%emt 00:01:23]} 25. Kh1 {[%clk
00:31:10]} {[%emt 00:01:48]} d5 {[%clk 00:46:09]} {[%emt 00:00:46]} 26. exd5
{[%clk 00:30:22]} {[%emt 00:00:52]} Bxd5 {[%clk 00:45:55]} {[%emt 00:00:20]}
27. a4 {[%clk 00:29:48]} {[%emt 00:00:40]} Rc5 {[%clk 00:43:53]} {[%emt
00:02:07]} 28. axb5 {[%clk 00:29:03]} {[%emt 00:00:49]} axb5 {[%clk 00:43:49]}
{[%emt 00:00:08]} 29. Nxb5 {[%clk 00:28:44]} {[%emt 00:00:25]} Qf6 {[%clk
00:41:56]} {[%emt 00:01:57]} 30. Re1 {[%clk 00:26:30]} {[%emt 00:02:20]} Bxf3
{[%clk 00:41:49]} {[%emt 00:00:12]} 31. Rf1 {[%clk 00:25:03]} {[%emt 00:01:32]}
Bxg2+ {[%clk 00:41:39]} {[%emt 00:00:15]} 32. Kxg2 {[%clk 00:24:40]} {[%emt
00:00:28]} Rg5+ {[%clk 00:41:35]} {[%emt 00:00:09]} 33. Kh1 {[%clk 00:24:00]}
{[%emt 00:00:46]} Qc6+ {[%clk 00:41:28]} {[%emt 00:00:08]} 34. Rf3 {[%clk
00:22:36]} {[%emt 00:01:33]} Qxf3# {[%clk 00:41:12]} {[%emt 00:00:21]} 0-1

[Event "DVM U10 2023"]
[Site "Magdeburg GER"]
[Date "2023.12.28"]
[Round "3"]
[White "Mattar, Lukas"]
[Black "Rauschel, Marten"]
[Result "1-0"]
[Termination "normal"]
[Board "16.1"]
[WhiteElo "1395"]
[BlackElo "1039"]
[WhiteClock "00:33:46"]
[BlackClock "00:29:21"]
[WhiteTeam "SK 1926 Ettlingen"]
[BlackTeam "SC Aurich"]
[PlyCount "83"]
[WhiteFideId "34685898"]
[BlackFideId "34640010"]
[EventCountry "GER"]
[EventRounds "7"]
[EventType "team-swiss"]
[EventDate "2023.12.27"]

1. d4 {[%clk 00:55:05]} {[%emt 12:56:37]} Nf6 {[%clk 00:55:05]} {[%emt
00:00:05]} 2. c4 {[%clk 00:55:05]} {[%emt 00:00:07]} e6 {[%clk 00:55:05]}
{[%emt 00:00:06]} 3. Nc3 {[%clk 00:55:05]} {[%emt 00:00:04]} Bb4 {[%clk
00:55:05]} {[%emt 00:00:06]} 4. Qc2 {[%clk 00:55:05]} {[%emt 00:00:06]} O-O
{[%clk 00:54:52]} {[%emt 00:00:44]} 5. a3 {[%clk 00:55:08]} {[%emt 00:00:07]}
Be7 {[%clk 00:54:04]} {[%emt 00:00:52]} 6. Nf3 {[%clk 00:54:59]} {[%emt
00:00:14]} c6 {[%clk 00:52:44]} {[%emt 00:01:25]} 7. e4 {[%clk 00:54:16]}
{[%emt 00:00:49]} Qa5 {[%clk 00:50:23]} {[%emt 00:02:25]} 8. e5 {[%clk
00:51:58]} {[%emt 00:02:24]} Ne8 {[%clk 00:49:53]} {[%emt 00:00:33]} 9. Bd3
{[%clk 00:50:13]} {[%emt 00:01:51]} f5 {[%clk 00:48:16]} {[%emt 00:01:42]} 10.
h3 {[%clk 00:49:06]} {[%emt 00:01:12]} d5 {[%clk 00:46:57]} {[%emt 00:01:24]}
11. c5 {[%clk 00:48:21]} {[%emt 00:00:51]} Qd8 {[%clk 00:46:10]} {[%emt
00:00:51]} 12. g4 {[%clk 00:48:01]} {[%emt 00:00:25]} Nc7 {[%clk 00:42:46]}
{[%emt 00:03:29]} 13. gxf5 {[%clk 00:46:26]} {[%emt 00:01:40]} exf5 {[%clk
00:42:35]} {[%emt 00:00:16]} 14. Rg1 {[%clk 00:45:06]} {[%emt 00:01:25]} Kf7
{[%clk 00:38:56]} {[%emt 00:03:45]} 15. Bxf5 {[%clk 00:42:14]} {[%emt
00:02:57]} Bxf5 {[%clk 00:38:52]} {[%emt 00:00:09]} 16. Qxf5+ {[%clk 00:42:12]}
{[%emt 00:00:07]} Ke8 {[%clk 00:38:41]} {[%emt 00:00:14]} 17. Qxh7 {[%clk
00:41:07]} {[%emt 00:01:09]} Rxf3 {[%clk 00:38:01]} {[%emt 00:00:47]} 18. Qh5+
{[%clk 00:40:36]} {[%emt 00:00:36]} Rf7 {[%clk 00:37:48]} {[%emt 00:00:15]} 19.
Rxg7 {[%clk 00:40:24]} {[%emt 00:00:20]} Kd7 {[%clk 00:35:35]} {[%emt
00:02:18]} 20. Qxf7 {[%clk 00:39:48]} {[%emt 00:00:42]} Ne6 {[%clk 00:35:05]}
{[%emt 00:00:36]} 21. Qf5 {[%clk 00:38:34]} {[%emt 00:01:17]} Qf8 {[%clk
00:34:03]} {[%emt 00:01:07]} 22. Qxf8 {[%clk 00:37:51]} {[%emt 00:00:48]} Nxf8
{[%clk 00:33:51]} {[%emt 00:00:18]} 23. Bg5 {[%clk 00:37:44]} {[%emt 00:00:12]}
Kc8 {[%clk 00:32:13]} {[%emt 00:01:43]} 24. Bxe7 {[%clk 00:37:22]} {[%emt
00:00:27]} Ne6 {[%clk 00:32:08]} {[%emt 00:00:09]} 25. Rg8+ {[%clk 00:36:48]}
{[%emt 00:00:40]} Kd7 {[%clk 00:32:03]} {[%emt 00:00:08]} 26. Bd6 {[%clk
00:36:35]} {[%emt 00:00:20]} Nxd4 {[%clk 00:31:47]} {[%emt 00:00:21]} 27. O-O-O
{[%clk 00:36:03]} {[%emt 00:00:37]} Nb3+ {[%clk 00:30:50]} {[%emt 00:01:02]}
28. Kc2 {[%clk 00:35:57]} {[%emt 00:00:11]} Na5 {[%clk 00:30:42]} {[%emt
00:00:12]} 29. Rxb8 {[%clk 00:35:55]} {[%emt 00:00:07]} Rxb8 {[%clk 00:30:36]}
{[%emt 00:00:11]} 30. Bxb8 {[%emt 00:00:07]} Nc4 {[%clk 00:30:24]} {[%emt
00:00:16]} 31. Nb1 {[%clk 00:35:29]} {[%emt 00:00:31]} Ke7 {[%clk 00:30:17]}
{[%emt 00:00:11]} 32. b3 {[%clk 00:35:17]} {[%emt 00:00:18]} Na5 {[%clk
00:30:14]} {[%emt 00:00:08]} 33. f4 {[%clk 00:35:15]} {[%emt 00:00:07]} Kf7
{[%clk 00:30:12]} 34. f5 {[%clk 00:35:09]} {[%emt 00:00:18]} Kg8 {[%clk
00:30:07]} {[%emt 00:00:09]} 35. e6 {[%emt 00:00:21]} Kf8 {[%clk 00:30:01]}
{[%emt 00:00:01]} 36. Rg1 {[%clk 00:35:00]} {[%emt 00:00:09]} Ke7 {[%clk
00:29:48]} {[%emt 00:00:17]} 37. Bd6+ {[%clk 00:34:47]} {[%emt 00:00:18]} Kf6
{[%clk 00:29:47]} {[%emt 00:00:07]} 38. h4 {[%clk 00:34:26]} {[%emt 00:00:26]}
Kxf5 {[%clk 00:29:45]} {[%emt 00:00:07]} 39. e7 {[%clk 00:34:24]} {[%emt
00:00:07]} Kf6 {[%clk 00:29:32]} {[%emt 00:00:17]} 40. e8=Q {[%clk 00:34:22]}
{[%emt 00:00:08]} Kf5 {[%clk 00:29:29]} {[%emt 00:00:07]} 41. Qf8+ {[%clk
00:34:07]} {[%emt 00:00:20]} Ke4 {[%clk 00:29:21]} {[%emt 00:00:12]} 42. Qf4#
{[%clk 00:33:46]} {[%emt 00:00:17]} 1-0

[Event "DVM U10 2023"]
[Site "Magdeburg GER"]
[Date "2023.12.28"]
[Round "3"]
[White "Meyer, Lönne"]
[Black "Zhang, Jiahao"]
[Result "1/2-1/2"]
[Termination "normal"]
[Board "16.2"]
[WhiteElo "1057"]
[BlackElo "1156"]
[WhiteClock "00:34:29"]
[BlackClock "00:46:11"]
[WhiteTeam "SC Aurich"]
[BlackTeam "SK 1926 Ettlingen"]
[PlyCount "63"]
[WhiteFideId "34674241"]
[BlackFideId "34686550"]
[EventCountry "GER"]
[EventRounds "7"]
[EventType "team-swiss"]
[EventDate "2023.12.27"]

1. d4 {[%clk 00:55:07]} {[%emt 00:00:01]} d5 {[%clk 00:55:05]} {[%emt
00:00:06]} 2. Nc3 {[%clk 00:55:01]} {[%emt 00:00:11]} Nf6 {[%clk 00:55:00]}
{[%emt 00:00:10]} 3. Bf4 {[%clk 00:54:48]} {[%emt 00:00:17]} e6 {[%clk
00:54:11]} {[%emt 00:00:54]} 4. Nb5 {[%clk 00:54:17]} {[%emt 00:00:36]} Na6
{[%clk 00:54:06]} {[%emt 00:00:10]} 5. e3 {[%clk 00:53:36]} {[%emt 00:00:47]}
c6 {[%clk 00:53:57]} {[%emt 00:00:14]} 6. Nc3 {[%clk 00:53:14]} {[%emt
00:00:25]} Bb4 {[%clk 00:53:53]} {[%emt 00:00:11]} 7. Bd3 {[%clk 00:52:42]}
{[%emt 00:00:36]} Ne4 {[%clk 00:53:05]} {[%emt 00:00:54]} 8. Nge2 {[%clk
00:52:17]} {[%emt 00:00:29]} O-O {[%clk 00:52:38]} {[%emt 00:00:33]} 9. O-O
{[%clk 00:51:55]} {[%emt 00:00:27]} Bd6 {[%clk 00:51:41]} {[%emt 00:01:02]} 10.
Bxd6 {[%clk 00:50:51]} {[%emt 00:01:08]} Nxc3 {[%clk 00:51:27]} {[%emt
00:00:19]} 11. Nxc3 {[%clk 00:50:10]} {[%emt 00:00:47]} Qxd6 {[%clk 00:51:18]}
{[%emt 00:00:14]} 12. Qg4 {[%clk 00:48:18]} {[%emt 00:01:53]} g6 {[%clk
00:51:04]} {[%emt 00:00:23]} 13. Qg5 {[%emt 00:01:07]} Nb4 {[%emt 00:01:27]}
14. Be2 {[%emt 00:01:35]} Nxc2 {[%emt 00:00:32]} 15. Rac1 {[%clk 00:43:15]}
{[%emt 00:00:24]} Nb4 {[%clk 00:50:58]} {[%emt 00:00:12]} 16. a3 {[%clk
00:42:53]} {[%emt 00:00:27]} Na6 {[%clk 00:50:46]} {[%emt 00:00:19]} 17. h4
{[%clk 00:41:55]} {[%emt 00:01:02]} Qd8 {[%clk 00:49:54]} {[%emt 00:00:57]} 18.
Qg3 {[%clk 00:41:32]} {[%emt 00:00:27]} Qc7 {[%clk 00:49:42]} {[%emt 00:00:18]}
19. Qg5 {[%clk 00:41:08]} {[%emt 00:00:26]} f6 {[%clk 00:49:02]} {[%emt
00:00:49]} 20. Qh6 {[%clk 00:40:19]} {[%emt 00:00:52]} Qg7 {[%clk 00:48:51]}
{[%emt 00:00:18]} 21. Qxg7+ {[%clk 00:39:29]} {[%emt 00:00:56]} Kxg7 {[%clk
00:48:49]} {[%emt 00:00:06]} 22. b4 {[%clk 00:38:38]} {[%emt 00:00:57]} Nc7
{[%clk 00:48:23]} {[%emt 00:00:30]} 23. b5 {[%clk 00:37:08]} {[%emt 00:01:35]}
cxb5 {[%clk 00:48:17]} {[%emt 00:00:10]} 24. Nxb5 {[%clk 00:36:46]} {[%emt
00:00:27]} Nxb5 {[%clk 00:48:11]} {[%emt 00:00:11]} 25. Bxb5 {[%clk 00:36:43]}
{[%emt 00:00:09]} a6 {[%clk 00:48:05]} {[%emt 00:00:11]} 26. Be2 {[%clk
00:36:16]} {[%emt 00:00:31]} Bd7 {[%clk 00:48:01]} {[%emt 00:00:09]} 27. Rc7
{[%clk 00:36:06]} {[%emt 00:00:16]} Rfd8 {[%clk 00:47:05]} {[%emt 00:01:01]}
28. Rxb7 {[%clk 00:35:59]} {[%emt 00:00:12]} Kh6 {[%clk 00:46:52]} {[%emt
00:00:18]} 29. Rb6 {[%clk 00:35:29]} {[%emt 00:00:34]} a5 {[%clk 00:46:37]}
{[%emt 00:00:21]} 30. Bb5 {[%clk 00:34:35]} {[%emt 00:00:58]} Bxb5 {[%clk
00:46:28]} {[%emt 00:00:15]} 31. Rxb5 {[%clk 00:34:33]} {[%emt 00:00:08]} Rdb8
{[%clk 00:46:11]} {[%emt 00:00:20]} 32. Rc5 {[%clk 00:34:29]} {[%emt 00:00:10]}
1/2-1/2

[Event "DVM U10 2023"]
[Site "Magdeburg GER"]
[Date "2023.12.28"]
[Round "3"]
[White "Faisz, David"]
[Black "Wilting, Oskar"]
[Result "1-0"]
[Termination "normal"]
[Board "16.3"]
[WhiteElo "1112"]
[BlackElo "1161"]
[WhiteClock "00:48:55"]
[BlackClock "00:27:35"]
[WhiteTeam "SK 1926 Ettlingen"]
[BlackTeam "SC Aurich"]
[PlyCount "31"]
[WhiteFideId "34650989"]
[BlackFideId "34640053"]
[EventCountry "GER"]
[EventRounds "7"]
[EventType "team-swiss"]
[EventDate "2023.12.27"]

1. e4 {[%clk 00:55:09]} c5 {[%clk 00:55:04]} {[%emt 00:00:06]} 2. Nc3 {[%clk
00:55:09]} {[%emt 00:00:06]} a6 {[%clk 00:54:55]} {[%emt 00:00:14]} 3. f4
{[%clk 00:55:07]} {[%emt 00:00:06]} e6 {[%clk 00:54:41]} {[%emt 00:00:19]} 4.
Nf3 {[%clk 00:55:06]} {[%emt 00:00:07]} Qc7 {[%clk 00:54:23]} {[%emt 00:00:22]}
5. Be2 {[%clk 00:54:32]} {[%emt 00:00:40]} Nc6 {[%clk 00:54:02]} {[%emt
00:00:25]} 6. O-O {[%clk 00:54:27]} {[%emt 00:00:10]} Be7 {[%clk 00:53:43]}
{[%emt 00:00:24]} 7. d4 {[%clk 00:54:16]} {[%emt 00:00:17]} cxd4 {[%clk
00:52:14]} {[%emt 00:01:33]} 8. Nxd4 {[%clk 00:54:09]} {[%emt 00:00:12]} Bc5
{[%clk 00:50:50]} {[%emt 00:01:29]} 9. Be3 {[%clk 00:53:56]} {[%emt 00:00:19]}
Qb6 {[%clk 00:44:23]} {[%emt 00:06:31]} 10. Na4 {[%clk 00:52:55]} {[%emt
00:01:07]} Qb4 {[%clk 00:42:11]} {[%emt 00:02:15]} 11. Nxc5 {[%clk 00:52:23]}
{[%emt 00:00:38]} Qxc5 {[%clk 00:41:02]} {[%emt 00:01:14]} 12. Qd3 {[%clk
00:51:55]} {[%emt 00:00:33]} Nxd4 {[%clk 00:32:37]} {[%emt 00:08:30]} 13. Bxd4
{[%clk 00:49:14]} {[%emt 00:02:45]} Qc7 {[%clk 00:32:02]} {[%emt 00:00:41]} 14.
Bxg7 {[%clk 00:49:09]} {[%emt 00:00:11]} f6 {[%clk 00:29:42]} {[%emt 00:02:24]}
15. Bxh8 {[%clk 00:49:03]} {[%emt 00:00:11]} Kf7 {[%clk 00:27:35]} {[%emt
00:02:11]} 16. Bh5+ {[%clk 00:48:55]} {[%emt 00:00:14]} 1-0

[Event "DVM U10 2023"]
[Site "Magdeburg GER"]
[Date "2023.12.28"]
[Round "3"]
[White "Weßels, Keke"]
[Black "Tadic, Lena"]
[Result "0-1"]
[Termination "normal"]
[Board "16.4"]
[WhiteElo "983"]
[BlackElo "776"]
[WhiteClock "00:35:34"]
[BlackClock "00:44:34"]
[WhiteTeam "SC Aurich"]
[BlackTeam "SK 1926 Ettlingen"]
[PlyCount "48"]
[WhiteFideId "34640045"]
[BlackFideId "34687300"]
[EventCountry "GER"]
[EventRounds "7"]
[EventType "team-swiss"]
[EventDate "2023.12.27"]

1. d4 {[%clk 00:55:05]} {[%emt 00:00:02]} d5 {[%clk 00:55:05]} {[%emt
00:00:04]} 2. Nc3 {[%clk 00:55:02]} {[%emt 00:00:08]} Nf6 {[%clk 00:54:53]}
{[%emt 00:00:17]} 3. Bf4 {[%emt 00:00:29]} e6 {[%clk 00:54:42]} {[%emt
00:00:14]} 4. Nb5 {[%clk 00:54:17]} {[%emt 00:00:28]} Na6 {[%emt 00:00:31]} 5.
e3 {[%clk 00:54:07]} {[%emt 00:00:01]} c6 {[%clk 00:54:17]} {[%emt 00:00:19]}
6. Nc3 {[%clk 00:53:46]} {[%emt 00:00:26]} Bb4 {[%clk 00:54:09]} {[%emt
00:00:12]} 7. Qd2 {[%clk 00:53:24]} {[%emt 00:00:27]} Ne4 {[%clk 00:53:46]}
{[%emt 00:00:29]} 8. Qd3 {[%clk 00:52:45]} {[%emt 00:00:42]} O-O {[%clk
00:53:33]} {[%emt 00:00:20]} 9. f3 {[%clk 00:52:09]} {[%emt 00:00:40]} Nxc3
{[%clk 00:53:19]} {[%emt 00:00:19]} 10. bxc3 {[%clk 00:51:57]} {[%emt
00:00:17]} Ba5 {[%clk 00:53:06]} {[%emt 00:00:18]} 11. g4 {[%clk 00:51:41]}
{[%emt 00:00:21]} c5 {[%clk 00:52:53]} {[%emt 00:00:19]} 12. h4 {[%clk
00:50:52]} {[%emt 00:00:53]} cxd4 {[%clk 00:52:36]} {[%emt 00:00:23]} 13. exd4
{[%clk 00:50:27]} {[%emt 00:00:30]} Qb6 {[%emt 00:03:22]} 14. Bc1 {[%emt
00:00:02]} Re8 {[%clk 00:51:11]} {[%emt 00:00:38]} 15. f4 {[%clk 00:46:52]}
{[%emt 00:01:18]} Qc6 {[%clk 00:50:18]} {[%emt 00:00:58]} 16. Ne2 {[%clk
00:45:42]} {[%emt 00:01:14]} Bd7 {[%emt 00:01:02]} 17. a4 {[%clk 00:45:08]}
{[%emt 00:00:31]} e5 {[%clk 00:48:55]} {[%emt 00:00:39]} 18. g5 {[%clk
00:44:03]} {[%emt 00:01:05]} exd4 {[%emt 00:03:01]} 19. Qxd4 {[%clk 00:40:26]}
{[%emt 00:00:53]} Bxc3+ {[%clk 00:47:18]} {[%emt 00:01:41]} 20. Qd2 {[%clk
00:39:16]} {[%emt 00:01:12]} Bxd2+ {[%clk 00:47:04]} {[%emt 00:00:22]} 21. Bxd2
{[%clk 00:39:12]} {[%emt 00:00:09]} Qxc2 {[%clk 00:46:26]} {[%emt 00:00:43]}
22. a5 {[%clk 00:37:25]} {[%emt 00:01:52]} Qb2 {[%clk 00:45:26]} {[%emt
00:01:04]} 23. Rc1 {[%clk 00:36:42]} {[%emt 00:00:48]} Rac8 {[%clk 00:44:45]}
{[%emt 00:00:47]} 24. Kf2 {[%clk 00:35:34]} {[%emt 00:01:01]} Qxd2 {[%clk
00:44:34]} {[%emt 00:00:27]} 0-1